Candy Word Scramble - Statistics

General Stats
  • This quiz has been taken 2,862 times
  • The average score is 11 of 30
Answer Stats
Brand Unscrambled Brand % Correct
ITK ATK KIT KAT
94%
M&SM M&MS
89%
YKLIM YWA MILKY WAY
88%
XTIW TWIX
84%
TOOSTEI LROL TOOTSIE ROLL
83%
KITLTSES SKITTLES
79%
OOTTSEI OPP TOOTSIE POP
73%
MDU SMUD DUM DUMS
68%
SRECKNIS SNICKERS
63%
WIZZLRETS TWIZZLERS
59%
TRUNS RUNTS
40%
OWBL PPO BLOW POP
38%
MARTESIS SMARTIES
38%
SERDN NERDS
36%
BBAUH AUBBB HUBBA BUBBA
30%
YFFAL TFFYA LAFFY TAFFY
28%
3 TEESRMSUKE 3 MUSKETEERS
22%
HPPOESRW WHOPPERS
21%
EFIL AVSRES LIFE SAVERS
19%
OKWNA HOCCOLTASE WONKA CHOCOLATE
12%
UTTBERINGERF BUTTERFINGER
11%
SCAHMR CHARMS
9%
SURO PNCHU SOUR PUNCH
7%
ARTSRSTUB STARBURST
5%
UGSARDAYDD SUGARDADDY
2%
STRATEEWS SWEETARTS
2%
OAWKN OBGSOPTPRSE WONKA GOBSTOPPERS
2%
OWKAN RUSTN WONKA RUNTS
2%
RETSACNAL LANCASTER
1%
SEINVERD REDVINES
0%
No matching quizzes found
Score Distribution
Percent of People with Each Score
Percentile by Number Answered
Your Score History
You have not taken this quiz